000 00553nam a2200193Ia 4500
005 20250508163945.0
008 008 250505s9999 xx 000 0 hin d
020 _a81-7065-053-4
037 _aTextual
040 _aFEDL
_beng
_cFEDL
041 _ahin
_2eng
084 _a371.5, SHA
_qFEDL
100 _aSharma Madan Lal
245 0 _aKya hamare vidyalaya vidyarthiyon ko aakarshit karte hai
260 _aNew Delhi, India
_bAsha Prakashan Grah
_c2002
300 _a84p
942 _cTEXL
_h371.5, SHA
999 _c1386288
_d1386288